000
00225nam a22000977a 4500
999
_c
519854
_d
519854
082
_a
TNC A6x5444 Sr21
100
_a
Srivastva, V. N.
_9
31082
245
_a
Local governance
260
_a
New Delhi
_b
Nehru Memoral
300
_a
40p.